[Event "GER-chT U14"]
[Site "Kelheim"]
[Date "2022.12.30"]
[Round "7"]
[White "Wollscheid, Leon"]
[Black "Von Malotky, Mads"]
[Result "0-1"]
[WhiteElo "1123"]
[BlackElo "1260"]
[PlyCount "64"]
[EventDate "2022.12.26"]
[EventType "team-swiss"]
[EventRounds "7"]
[EventCountry "GER"]
[SourceTitle "CBM 212 Extra"]
[Source "ChessBase"]
[SourceDate "2023.03.31"]
[SourceVersion "1"]
[SourceVersionDate "2023.03.31"]
[SourceQuality "1"]
[WhiteTeam "Birkenfeld"]
[BlackTeam "Lichtenberg Borussia"]
[WhiteTeamCountry "GER"]
[BlackTeamCountry "GER"]

1. d4 c6 2. Nf3 d5 3. e3 Bg4 4. c4 Nf6 5. Nc3 e6 6. Be2 Bd6 7. Qb3 Qc7 8. 0-0 Bxf3 9. Bxf3 Bxh2+ 10. Kh1 Bd6 11. c5 Be7 12. e4 dxe4 13. Nxe4 Nxe4 14. Bxe4 Nd7 15. g3 Nf6 16. Bf4 Qd7 17. Qd3 Nxe4 18. Qxe4 Rd8 19. Rad1 Qd5 20. Qxd5 Rxd5 21. Rfe1 0-0 22. Be5 Rfd8 23. Re4 Bxc5 24. Rg4 Rxe5 25. dxe5 Rxd1+ 26. Kg2 Rd2 27. Rf4 Rxb2 28. a4 Re2 29. Rf3 Rxe5 30. Rd3 Rd5 31. Rb3 b6 32. Kf3 Rd4 0-1